1160 1431 1694 1065 1466 1859 1008 1528 1856 1160 1743 1822 1801 1472 1211 1252 1102 1125 1657 1627 1510 1186 1683 1043 1736 1596 1273 1872 1817 1221 1957 1399 1158 1854 1716 1939 1966 1744 1838 1186 1992 1052 1201 1337 1267 1045 1033 1282 1970 1006 1617 1911 1068 1230 1442 1480 1200 1697 1456 1419 1592 1948 1910 1817 1367 1565 1768 1566 1130 1744 1214 1004 1757 1815 1735 1937 1699 1953 1114 1487 1593 1465 1527 1198 1829 1228 1165 1457 1935 1135 1506 1997 1957 1812 1718 1552 1350 1672 1048 BCNSPRNW ULIB Ver.6.0+V

เปลี่ยนเป็นภาษาไทย

Change to English
 แสดงรายละเอียดบรรณานุกรม
  กลับหน้าหลัก

Brief Record : Get Marc (ISO 2709) : E-mail record : QR code < ปิดหน้าต่าง
LEADER : 00000nam 2200000uu 4500
001    13399114909
003     ULIB
008    120621s2008||||th 000 0 eng d
020    ^a9780521734592 (paperback) ^c^28.39
050  4 PE1131^bR312f
100 1  ^aRedston, Chris.
245 10 ^aFace2face pre-intermediate students book with cd-rom/audio cd / ^cChris Redston, Gillie Cunningham.
260    ^a[S.l.] : ^bCambridge University Press, ^c2008.
300    ^a160 p. ; ^c28 cm.
520    ^aThe Students Book provides approximately 80 hours of core teaching material, which can be extended to 120 hours with the inclusion of the photocopiable resources and extra ideas in the Teacher s Book. Each self-contained double-page lesson is easily teachable off the page with minimal preparation. The Students Book comes packaged with a free fully-interactive CD-ROM/Audio CD with over 200 exercises in all language areas, including video, games, recording capability, progress chart and customised tests. There is also a selection of material from the Real World lessons which can be listened to on normal CD players.
650  0 English--Use
700 1  ^aCunningham, Gillie.
945    ^p390^l0^i032089
945    ^p390^l0^i032090
945    ^p390^l0^i032091
945    ^p390^l0^i032092
945    ^p390^l0^i033382
945    ^p390^l0^i034503
945    ^p390^l0^i034504
945    ^p390^l0^i034505
945    ^p390^l0^i034506
945    ^p390^l0^i034507
945    ^p390^l0^i034508
995    Kesorn
999 ^a ใช้งานได้ทุกระบบ
รายการนี้ยังไม่มีแท็ก
คุณยังไม่ได้ล็อกอิน คุณสามารถมีกิจกรรมร่วมกับเว็บไซต์ได้ แต่ต้องล็อกอินก่อน ::
  ล็อกอิน

รายการสื่อสารสนเทศ

ลำดับที่ ประเภท เลขเรียก/บาร์โค้ด สถานที่ สถานะ
1. การศึกษาทั่วไป
การศึกษาทั่วไป
PE1131 R312f ฉ.10 
  Barcode: 034507
ห้องสมุดวิทยาเขตสวรรค์ประชารักษ์
►หนังสือทั่วไป
บนชั้น
2. การศึกษาทั่วไป
การศึกษาทั่วไป
PE1131 R312f ฉ.11 
  Barcode: 034508
ห้องสมุดวิทยาเขตสวรรค์ประชารักษ์
►หนังสือทั่วไป
บนชั้น
3. การศึกษาทั่วไป
การศึกษาทั่วไป
PE1131 R312f ฉ.5 
  Barcode: 033382
ห้องสมุดวิทยาเขตสวรรค์ประชารักษ์
►หนังสือทั่วไป
บนชั้น
4. การศึกษาทั่วไป
การศึกษาทั่วไป
PE1131 R312f ฉ.6 
  Barcode: 034503
ห้องสมุดวิทยาเขตสวรรค์ประชารักษ์
►หนังสือทั่วไป
บนชั้น
5. การศึกษาทั่วไป
การศึกษาทั่วไป
PE1131 R312f ฉ.7 
  Barcode: 034504
ห้องสมุดวิทยาเขตสวรรค์ประชารักษ์
►หนังสือทั่วไป
บนชั้น
6. การศึกษาทั่วไป
การศึกษาทั่วไป
PE1131 R312f ฉ.8 
  Barcode: 034505
ห้องสมุดวิทยาเขตสวรรค์ประชารักษ์
►หนังสือทั่วไป
บนชั้น
7. การศึกษาทั่วไป
การศึกษาทั่วไป
PE1131 R312f ฉ.9 
  Barcode: 034506
ห้องสมุดวิทยาเขตสวรรค์ประชารักษ์
►หนังสือทั่วไป
บนชั้น

รายการใกล้เคียง
    ผู้แต่ง [Redston, Chris.]

    หัวเรื่อง [English--Use]

BibComment


ยังไม่เคยถูกคอมเมนท์

คอมเมนท์ทรัพยากรรายการนี้
  คอมเมนท์: Face2face preint..


 Copyright 2026. Bcnsprnw @Library